000 00362cam a2200145ua 4500
041 _aeng
_h
082 _a410
_bWAT/PE
100 _aWaterman, John T .
245 _aPerspectives in linguistics /
_cJohn T Waterman.
_hTextual Documents
260 _aChicago :
_bPhoenix books ,
_c1963.
300 _a105 ; .
504 _a
942 _cBK
999 _c6147
_d6147